|
|
|
|
| LEADER |
01318nam a22002897a 4500 |
| 001 |
44320 |
| 003 |
BD-DhAAL |
| 005 |
20250420145256.0 |
| 008 |
250420r19951991si a 00010 eng d |
| 020 |
|
|
|a 9812044655
|
| 020 |
|
|
|a 9789812044655
|
| 040 |
|
|
|a BD-DhAAL
|c BD-DhAAL
|
| 082 |
|
|
|a 332.6322095957
|
| 100 |
|
|
|a Chia, Robert Kay Guan.
|9 58058
|
| 245 |
|
|
|a How to invest in stocks & shares /
|c Robert Chia, Doreen Soh.
|
| 250 |
|
|
|a Third edition.
|
| 260 |
|
|
|a Singapore :
|b Times Books International,
|c c1991 [reprinted 1995].
|
| 300 |
|
|
|a x, 154 pages :
|b illustrations ;
|c 22 cm
|
| 541 |
|
|
|a Donated by Farhana Zahir, Assistant Professor, BRAC Business School
|e 44320
|
| 650 |
|
|
|a Stocks
|z Singapore
|x Handbooks, manuals, etc.
|9 58059
|
| 650 |
|
|
|a Securities
|z Singapore
|x Handbooks, manuals, etc.
|9 58060
|
| 650 |
|
|
|a Investments
|z Singapore
|x Handbooks, manuals, etc.
|9 58061
|
| 700 |
|
|
|a Soh, Doreen.
|9 58062
|
| 852 |
|
|
|a Ayesha Abed Library
|c General Stacks
|
| 942 |
|
|
|2 ddc
|c BK
|
| 999 |
|
|
|c 47268
|d 47268
|
| 952 |
|
|
|0 0
|1 0
|2 ddc
|4 0
|6 332_632209595700000_CHI
|7 0
|9 77597
|a BRACUL
|b BRACUL
|c GEN
|d 2025-04-20
|e Donated by Farhana Zahir, Assistant Professor, BRAC Business School
|l 1
|m 8
|o 332.6322095957 CHI
|p 3010044320
|r 2025-07-22
|s 2025-05-08
|t 1
|w 2025-04-20
|y BK
|x Donated by Farhana Zahir, Assistant Professor, BRAC Business School
|